Μεταξύ δύο κόσμων ; Από λόφο σε λόφο στην κορυφή: νοσταλγικαί περιπλανήσεις

Αποθηκεύτηκε σε:
Λεπτομέρειες βιβλιογραφικής εγγραφής
Κύριος συγγραφέας: Λούβαρις, Νικόλαος Ι., 1887-1961
Μορφή: Βιβλίο
Γλώσσα:Greek
Δημοσίευση: Αθήναι : Αποστολική Διακονία, 1949.
Σειρά:Βιβλιοθήκη Αποστολικής Διακονίας ; v.12
Θέματα:
Ετικέτες: Προσθήκη ετικέτας
Δεν υπάρχουν, Καταχωρήστε ετικέτα πρώτοι!

MARC

LEADER 00000cam a2200000 i 4500
001 1/80488
008 060126s1949 gr | ||| |||| ||gre||
035 |l 10096227 
040 |a GR-MY-UA  |b gre  |e aacr 
041 0 |a gre 
082 7 |a 291.01   |2 (22) 
100 1 |a Λούβαρις, Νικόλαος Ι.,   |d 1887-1961. 
245 1 0 |a Μεταξύ δύο κόσμων ; Από λόφο σε λόφο στην κορυφή: νοσταλγικαί περιπλανήσεις /   |c Ν. Ι. Λούβαρι.  
260 |a Αθήναι :   |b Αποστολική Διακονία,   |c 1949.  
300 |a π. 500 σ. :   |b φωτ. ;   |c 24 εκ.  
490 1 |a (Βιβλιοθήκη Αποστολικής Διακονίας ;   |v  vol.12) 
500 |a Το αντίτυπο της Ρόδου με αριθμό εισαγωγής 150094 είναι δεμένο με: Από λόφο σε λόφο: νοσταλγικαί περιπλανήσεις / Ν. Ι. Λούβαρι.  
500 |a Το αντίτυπο της Ρόδου με αριθμό εισαγωγής 157095 είναι δεμένο με: Τα μεγάλα προβλήματα της φιλοσοφίας - των θρησκειών - της επιστήμης: Θεός - κόσμος - ζωή - άνθρωπος - ψυχή - αθανασία / Κωνσταντίνου Ι. Μαντζουράνη.  
504 |a Περιέχει βιβλιογραφικές παραπομπές. 
650 0 0 |a Philosophy and religion. 
651 0 |a Europe  |x Description and travel. 
830 0 |a Βιβλιοθήκη Αποστολικής Διακονίας ;  |v  v.12 
852 |a INST  |b RHODES  |c AKA  |e 20090407  |h  201.61 ΜΑΝ  |p 005400029392  |q 005400029392  |t BK  |y 0 
852 |a INST  |b RHODES  |c AKA  |e 20080404  |h  291.01 ΛΟΥ  |p 005400029393  |q 005400029393  |t BK  |y 0 
852 |a INST  |b RHODES  |c KRI  |e 20060126  |h  291.01 ΛΟΥ  |p 005400028151  |q 005400028151  |t BK  |y 0 
901 |a BIBL4-2006-1 
909 |a Ρ  |b 122878 
909 |a Ρ  |b 150094 
909 |a Ρ  |b 157095 
920 |a ΑΚΑΔΗΜΙΑ ΡΟΔΟΥ  |y Ρόδος  |z 2004-06 
970 |a ΣΙΔΕΡΗ  |b ΝΕΚΤΑΡΙΑ  |z 2006/01/26